Caricamento...
The plays of G.B. Shaw
| Autore principale: | |
|---|---|
| Natura: | Printed Book |
| Lingua: | English |
| Pubblicazione: |
New York :
monarch press ,
c1964.
|
| LEADER | 00423nam a22001217a 4500 | ||
|---|---|---|---|
| 008 | 170424b xxu||||| |||| 00| 0 eng d | ||
| 100 | |a Rockman, Robert | ||
| 245 | |a The plays of G.B. Shaw | ||
| 260 | |a New York : |b monarch press , |c c1964. | ||
| 300 | |b 94p. | ||
| 942 | |c BK | ||
| 999 | |c 198326 |d 198326 | ||
| 952 | |0 0 |1 0 |4 0 |6 822_800000000000000_ROC_P |7 0 |9 219381 |a ENG |b ENG |c ST1 |d 2017-04-24 |i 12323 |l 0 |o 822.8 ROC/P |p ENG12323 |r 2017-04-24 |w 2018-08-21 |y BK | ||